| 000 | 02712nam0a22003251 4500 | ||
|---|---|---|---|
| 001 | rc\1508685 | ||
| 005 | 20260406121726.0 | ||
| 035 | _a(NLR Aleph) 005287822 | ||
| 090 |
_a6160678 _c6160678 |
||
| 100 | _a20060620g18841889|||y0rusy50 ca | ||
| 101 | 0 | _arus | |
| 102 | _aRU | ||
| 105 | _ac z ||||| | ||
| 200 | 1 |
_aПолное собрание сочинений И.А. Гончарова _fС портр. авт., грав. акад. И.П. Пожалостиным и факс. Т. 1-8 |
|
| 210 |
_aСанкт-Петербург _cГлазунов _d1884-1889 |
||
| 215 |
_a8 т. _cфронт. (портр.) _d21 |
||
| 300 | _aНа отд. тит. л. 1-го изд. ч. 2 романа "Обыкновенная история" указание: изд. 4-е; дата: 1883 | ||
| 327 | 1 | _aСодерж.: Т. 1. Обыкновенная история: Роман в 2 ч. Т. 2. Обломов: Роман в 4 ч.: Ч. 1-2. Т. 3. Обломов: Ч. 3-4. Т. 4. Обрыв: Роман в 5 ч.: Ч. 1-2. Т. 5. Обрыв: Ч. 3-5. Т. 6. Фрегат Паллада: Очерки путешествия: В 2 т.: Т. 1. Т. 7. Фрегат Паллада: Т. 2. Т. 8. Четыре очерка: Литературный вечер. Мильон терзаний. Заметки о личности Белинского. Лучше поздно, чем никогда. Т. 9. Воспоминания; Слуги старого века | |
| 464 | 0 |
_12001#$aОбыкновенная история$eРоман в 2 ч.$aОбломов$eРоман в 4 ч.$aОбрыв$eРоман в 5 ч.$aФрегат Паллада$eОчерки путешествия$eВ 2 т.$aЛитературный вечер$aМильон терзаний$aЗаметки о личности Белинского$aЛучше поздно, чем никогда$aВоспоминания$aСлуги старого века _1702#1$3RU\NLR\AUTH\7716241$7ca$aБелинский$bВ. Г.$f1811-1848$gВиссарион Григорьевич$4570 _tСлуги старого века |
|
| 532 | 1 | 0 | _aПолное собрание сочинений Ивана Александровича Гончарова |
| 700 | 1 |
_8rus _7ca _aГончаров _bИ. А. _f1812-1891 _gИван Александрович _3RU\NLR\AUTH\77582 _9110628 |
|
| 702 | 1 |
_4440 _7ca _8rus _aПожалостин _bИ. П. _f1837-1909 _gИван Петрович _9234362 _3RU\NLR\AUTH\770234418 |
|
| 801 | 0 |
_aRU _bNLR _c20060620 _gpsbo |
|
| 801 | 0 |
_aRU _bRuMoRGB _c20060620 _2psbo |
|
| 801 | 1 |
_aRU _bProSoft-M _c20060620 _2rusmarc |
|
| 801 | 2 |
_aRU _bNLR _c20130605 _2rusmarc |
|
| 852 |
_aNLR _j18.223.5.12 |
||
| 852 |
_aNLR _j131/2795(т. 1-8) |
||
| 942 | _cBOOK | ||
| 980 | _aNB | ||